000 00949cam a22001937a 4500
008 100627t1999 xxu||||g |||| 00| 0 ara d
020 _a9775499488
082 _222
_a324.029
_bز ر و
100 _915250
_aزروخي، إسماعيل
245 _aالدولة فى الفكر العربى الحديث :
_bدراسة فكرية فلسفية /
_cإسماعيل الزروخى.
260 _aالقاهرة :
_bدار الفجر للنشر و التوزيع ،
_c1999.
300 _a595 ص ؛
_c24سم.
504 _aيحتوى على إرجاعات ببليوجرافية
650 _915251
_aالسياسة الإجتماعية
650 _915252
_aالتشريعات الإجتماعية
650 _915253
_aالتاريخ الدستورى
942 _2ddc
_cBB
999 _c14227
_d14227